<?xml version="1.0" encoding="UTF-8"?>
<record
    xmlns:xsi="http://www.w3.org/2001/XMLSchema-instance"
    xsi:schemaLocation="http://www.loc.gov/MARC21/slim http://www.loc.gov/standards/marcxml/schema/MARC21slim.xsd"
    xmlns="http://www.loc.gov/MARC21/slim">

  <leader>01307nam a2200289 a 4500</leader>
  <controlfield tag="001">20121</controlfield>
  <controlfield tag="003">CO-ViMGA</controlfield>
  <controlfield tag="005">20250801162557.0</controlfield>
  <controlfield tag="008">141112s2004    ck      r     000 u spa d</controlfield>
  <datafield tag="020" ind1=" " ind2=" ">
    <subfield code="a">9589067867</subfield>
  </datafield>
  <datafield tag="040" ind1=" " ind2=" ">
    <subfield code="a">CO-ViMGA</subfield>
    <subfield code="b">spa</subfield>
    <subfield code="c">CO-ViMGA</subfield>
  </datafield>
  <datafield tag="082" ind1="0" ind2="4">
    <subfield code="a">Fr 918.659  V451m</subfield>
  </datafield>
  <datafield tag="100" ind1="1" ind2=" ">
    <subfield code="a">Gobernaci&#xF3;n del Meta. Instituto Geogr&#xE1;fico Agustin Codazzi</subfield>
    <subfield code="9">10524</subfield>
  </datafield>
  <datafield tag="245" ind1="1" ind2="0">
    <subfield code="a">El Meta : </subfield>
    <subfield code="b">un territorio de oportunidades</subfield>
  </datafield>
  <datafield tag="260" ind1=" " ind2=" ">
    <subfield code="a">Bogot&#xE1; : </subfield>
    <subfield code="b">Imprenta Nacional de Colombia, </subfield>
    <subfield code="c">2004</subfield>
  </datafield>
  <datafield tag="300" ind1=" " ind2=" ">
    <subfield code="a">200 p. Il. + 12 mapas + CD Rom</subfield>
  </datafield>
  <datafield tag="500" ind1=" " ind2=" ">
    <subfield code="a">En : Fr 918.659 V451m</subfield>
  </datafield>
  <datafield tag="505" ind1=" " ind2=" ">
    <subfield code="a">Acueducto - alcantarillado Aptitud de los suelos Areas sujetas a Normatividad especial Cobertura Vegetal y uso actual del suelo 2003 Cobertura educativa por zona Morbimortalidad 2003 Propuesta de uso del suelo Sistemas productivos y extractivos Cultura y turismo Unidades de paisaje Vias y equipamientos de Transporte Zonas de importancia ambiental</subfield>
  </datafield>
  <datafield tag="590" ind1=" " ind2=" ">
    <subfield code="a">Forma de adquisici&#xF3;n : Donaci&#xF3;n IGAC - - Precio : 30.000</subfield>
  </datafield>
  <datafield tag="650" ind1="1" ind2="4">
    <subfield code="a">META - ASPECTOS SOCIALES</subfield>
    <subfield code="9">10526</subfield>
  </datafield>
  <datafield tag="650" ind1="1" ind2="4">
    <subfield code="a">META - CONDICIONES ECONOMICAS</subfield>
    <subfield code="9">10525</subfield>
  </datafield>
  <datafield tag="650" ind1="1" ind2="4">
    <subfield code="a">META - DESCRIPCION</subfield>
    <subfield code="9">9981</subfield>
  </datafield>
  <datafield tag="650" ind1="1" ind2="4">
    <subfield code="a">META - GEOGRAFIA</subfield>
    <subfield code="9">9980</subfield>
  </datafield>
  <datafield tag="650" ind1="1" ind2="4">
    <subfield code="a">META - ORGANIZACION Pol&#xED;tica Y ADMINISTRATIVA</subfield>
    <subfield code="9">10527</subfield>
  </datafield>
  <datafield tag="942" ind1=" " ind2=" ">
    <subfield code="2">ddc</subfield>
    <subfield code="c">BK</subfield>
  </datafield>
  <datafield tag="999" ind1=" " ind2=" ">
    <subfield code="c">29202</subfield>
    <subfield code="d">29202</subfield>
  </datafield>
</record>
